Zriadenie priemyselných parkov a podmienky na získanie štátnej podpory

Zákon č. 193/2001 Z.z. o podpore na zriadenie priemyselných parkov bol schválený 18. mája 2001 a je zameraný na úpravu podmienok, za ktorých je možné poskytnúť podporu na výstavbu priemyselného parku. Zákonná definícia priemyselného parku. Podmienky na získanie štátnej podpory.

Na minha lista:
Detalhes bibliográficos
Autor principal: Urbánková, Mária
Formato: Capítulo de Livro
Idioma:eslovaco
Assuntos:
Tags: Adicionar Tag
Sem tags, seja o primeiro a adicionar uma tag!

MARC

LEADER 00000naa a2200000 4500
001 r043620
005 20230919120306.2
041 0 |a slo 
044 |a SK 
245 1 0 |a Zriadenie priemyselných parkov a podmienky na získanie štátnej podpory  |c Mária Urbánková 
520 |a Zákon č. 193/2001 Z.z. o podpore na zriadenie priemyselných parkov bol schválený 18. mája 2001 a je zameraný na úpravu podmienok, za ktorých je možné poskytnúť podporu na výstavbu priemyselného parku. Zákonná definícia priemyselného parku. Podmienky na získanie štátnej podpory. 
610 2 0 |a parky priemyselné 
610 2 0 |a úpravy právne 
610 2 0 |a podpora podnikania 
610 2 0 |a programy rozvojové 
610 2 0 |a zákony 
610 2 0 |a Slovensko 
100 1 |a Urbánková, Mária